Introduction to stochastic calculus with applications

Αποθηκεύτηκε σε:
Λεπτομέρειες βιβλιογραφικής εγγραφής
Κύριος συγγραφέας: Klebaner, Fima C.
Μορφή: Βιβλίο
Γλώσσα:English
Δημοσίευση: London ; Hackensack, N.J. : Imperial College Press, c2005
Έκδοση:2nd ed.
Θέματα:
Ετικέτες: Προσθήκη ετικέτας
Δεν υπάρχουν, Καταχωρήστε ετικέτα πρώτοι!

MARC

LEADER 00000nam a2200000 i 4500
001 1/61508
008 071102s2005 eng d
020 |a 1-86094-566-X 
035 |l 10092026 
040 |a GR-MY-UA  |b gre  |e aacr 
041 0 |a eng 
082 0 |a 519.2  |2 (22) 
100 1 |a Klebaner, Fima C. 
245 1 0 |a Introduction to stochastic calculus with applications /  |c Fima C. Klebaner 
250 |a 2nd ed. 
260 |a London ; Hackensack, N.J. :   |b Imperial College Press,   |c c2005 
300 |a xiii, 416 σ.;  |b εικ.;  |c 23 εκ. 
504 |a Περιλαμβάνει βιβλιογραφικές παραπομπές (σ. 407-412) και ευρετήριο 
650 0 0 |a Stochastic analysis. 
650 0 0 |a Calculus. 
852 |a INST  |b SAMOS  |e 20071102  |h 519.2 KLE  |p 005300027914  |q 005300027914  |t BK  |y 0 
901 |a BIBL3-2007-3 
909 |a Σ  |b 140110 
922 |a 3ΕΛΗ  |b 200710  |c ΕΠΕΑΕΚ2/ΤΣΑΕ  |d ΠΑΠΑΣΩΤΗΡΙΟΥ 
970 |a ΡΟΥΣΣΟΥ  |b ΚΩΝΣΤΑΝΤΙΝΑ  |z 2007/11/02